Интенсивный курс современного делового английского языка: учебное пособие

Dades bibliogràfiques
Autor principal: Черковский А. Л. Андрей Леонидович
Autor corporatiu: Томский политехнический университет, Институт языковой коммуникации
Altres autors: Табунщикова О. Л. Ольга Леонидовна
Sumari:В пособии представлены основные темы, представляющие интерес в современном мире делового общения. Детально изложены основные составляющие таких сфер бизнеса, как банковское дело, фондовый рынок и страхование. Сделан акцент не только на расширение словарного запаса, но и на его интенсификации путем применения в различного рода упражнениях и повседневном общении. Рассмотрены основные стилистические трудности, встречающиеся в деловой переписке, включая электронную почту и Интернет. Предназначено для студентов направления 031202 "Перевод и переводоведение".
Idioma:rus
Publicat: Томск, Изд-во ТПУ, 2006
Col·lecció:Учебники Томского политехнического университета
Matèries:
Format: MixedMaterials Llibre
KOHA link:https://koha.lib.tpu.ru/cgi-bin/koha/opac-detail.pl?biblionumber=116760

MARC

LEADER 00000nam0a2200000 4500
001 116760
005 20231101215342.0
035 |a (RuTPU)RU\TPU\book\126349 
090 |a 116760 
100 |a 20070525d2006 m y0rusy50 ca 
101 0 |a rus 
102 |a RU 
105 |a y j 000zy 
200 1 |a Интенсивный курс современного делового английского языка  |e учебное пособие  |f А. Л. Черковский, О. Л. Табунщикова  |g Томский политехнический университет; Институт языковой коммуникации 
210 |a Томск  |c Изд-во ТПУ  |d 2006 
215 |a 166 с. 
225 1 |a Учебники Томского политехнического университета 
330 |a В пособии представлены основные темы, представляющие интерес в современном мире делового общения. Детально изложены основные составляющие таких сфер бизнеса, как банковское дело, фондовый рынок и страхование. Сделан акцент не только на расширение словарного запаса, но и на его интенсификации путем применения в различного рода упражнениях и повседневном общении. Рассмотрены основные стилистические трудности, встречающиеся в деловой переписке, включая электронную почту и Интернет. Предназначено для студентов направления 031202 "Перевод и переводоведение". 
606 1 |a Английский язык  |x Учебные руководства и пособия  |x Пособия по развитию речи, разговорники  |2 stltpush  |3 (RuTPU)RU\TPU\subj\29074  |9 52486 
610 1 |a лексика 
610 1 |a деловое общение 
610 1 |a разговорная речь 
610 1 |a чтение 
686 |a Ш143.21-923  |v LBC/SL-A  |2 rubbk 
700 1 |a Черковский  |b А. Л.  |g Андрей Леонидович 
701 1 |a Табунщикова  |b О. Л.  |g Ольга Леонидовна 
712 0 2 |a Томский политехнический университет  |z 1991-  |2 stltpush  |3 (RuTPU)RU\TPU\col\376 
712 0 2 |a Институт языковой коммуникации  |2 stltpush  |3 (RuTPU)RU\TPU\col\3881 
801 1 |a RU  |b 63413507  |c 20070525  |g PSBO 
801 2 |a RU  |b 63413507  |c 20140403  |g PSBO 
942 |c BK